| 000 | 01317namaa2200337 i 4500 | ||
|---|---|---|---|
| 003 | EG-GICUC | ||
| 005 | 20260617143505.0 | ||
| 008 | 260617s1988 su ||||jr|||| 001 0 ara d | ||
| 040 |
_aEG-GiCUC _bara _cEG-GiCUC _dEG-GiCUC _erda |
||
| 082 | 0 | 4 |
_221 _a229.2 _bK1962 |
| 092 | 0 | 4 |
_221 _a229.2 _bK1962 |
| 099 | _a229.2 K1962 | ||
| 100 | 1 |
_aابن كثير، اسماعيل بن عمر _dapproximately 1301-1373 _eمؤلف. |
|
| 245 | 1 | 0 |
_aكتاب فضائل القرآن / _cللحافظ ابن كثير ؛ تحقيق الدكتور محمد ابراهيم البنا |
| 246 | 3 | 0 | _aفضائل القرآن |
| 250 | _aالطبعة الاولى | ||
| 264 |
_aجدة (السعودية) : _bدار القبلة للثقافة الاسلامية، _c1988 |
||
| 300 |
_a190 صفحة ؛ _c24 سم |
||
| 336 |
_2rdacontent _atext |
||
| 337 |
_2rdamedia _aUnmediated |
||
| 338 |
_2rdacarrier _avolume |
||
| 504 | _aيشتمل على ارجاعات ببليوجرافية وكشافات. | ||
| 541 |
_aد. / جابر عصفور ؛ _bالقاهرة ؛ _cإهداء ؛ _d2024. |
||
| 630 | 2 |
_2qrmak _aالقرآن، فضائل |
|
| 630 | 2 |
_2qrmak _aالقرآن _xعلوم |
|
| 650 | 1 | _2qrmak | |
| 651 | 1 | _2qrmak | |
| 700 | 1 |
_aالبنا، محمد ابراهيم _eمحقق. |
|
| 905 | _aAmira | ||
| 942 |
_2ddc _cBK _e21 _n0 |
||
| 999 |
_c180568 _d180568 |
||